Yearbook of forest products 1977 (1966-1977)

Guardado en:
Detalles Bibliográficos
Formato: Libro
Lenguaje:inglés
Publicado: Rome Food and Agriculture Organization 1979
Etiquetas: Agregar Etiqueta
Sin Etiquetas, Sea el primero en etiquetar este registro!

MARC

LEADER 00000nam a2200000 4500
001 0220431
005 20240822101657.8
041 0 |a eng 
044 |a IT 
245 1 0 |a Yearbook of forest products 1977  |b (1966-1977) 
264 1 |a Rome  |b Food and Agriculture Organization  |c 1979 
300 |a 462 s.